| 000 | 00638nam a2200121Ia 4500 | ||
|---|---|---|---|
| 008 | 220620s9999||||xx |||||||||||||| ||und|| | ||
| 100 | _aChoi, Hyaeweol||Jolly, Margaret | ||
| 245 | 0 | _aDivine Domesticities | |
| 546 | _aEnglish[eng] | ||
| 650 | _atransnational history||imperialism||colonialism||asia pacific||gender history||Missionary | ||
| 856 | _uhttps://library.oapen.org/bitstream/20.500.12657/33260/1/515932.pdf||https://library.oapen.org/bitstream/20.500.12657/33260/1/515932.pdf||https://library.oapen.org/bitstream/20.500.12657/33260/1/515932.pdf||https://library.oapen.org/bitstream/20.500.12657/33260/1/515932.pdf | ||
| 942 | _cEB | ||
| 999 |
_c23117 _d23117 |
||